Pengenalan kepada akta kerja 1955 /

Bibliographic Details
Main Author: Siti Zaharah Jamaluddin
Format: Book
Published: Kuala Lumpur: Penerbit Universiti Malaya, 2002.
Edition:Edisi Kedua.
Subjects:
LEADER 00728cam a2200229 7i4500
001 0000025589
005 20151104090000.0
005 ##20151104131400.0
003 ##MY-KlINT
008 15110410s2002 my may d
020 # # |a 9831001400  
020 # # |a 9789831001400  
039 # 9 |y 201511041314  |z VLOAD 
090 0 0 |a E 344.595   |b SZJ 
100 1 # |a Siti Zaharah Jamaluddin 
245 1 0 |a Pengenalan kepada akta kerja 1955 /   |c Siti Zaharah Jamaluddin. 
250 # # |a Edisi Kedua. 
260 # # |a Kuala Lumpur:   |b Penerbit Universiti Malaya,   |c 2002. 
300 # # |a xxvi, 272ms;   |c 22cm. 
500 # # |a Mengandungi rujukan: ms.263-264 dan indeks 
650 # 0 |a Labour laws and legislation --   |x Malaysia  
650 # 0 |a Industrial laws and legislation --   |x Malaysia